Entrepreneurship and Management in an Islamic Context

The aim of this volume is to explore entrepreneurship and business from the perspective of Islamic principles, which are usually based on collaboration, teamwork, generosity and altruism. The contributions deal with the confluence of Islamic Principles with entrepreneurial and business ownership cha...

Πλήρης περιγραφή

Λεπτομέρειες βιβλιογραφικής εγγραφής
Συγγραφή απο Οργανισμό/Αρχή: SpringerLink (Online service)
Άλλοι συγγραφείς: Ramadani, Veland (Επιμελητής έκδοσης), Dana, Léo-Paul (Επιμελητής έκδοσης), Gërguri-Rashiti, Shqipe (Επιμελητής έκδοσης), Ratten, Vanessa (Επιμελητής έκδοσης)
Μορφή: Ηλεκτρονική πηγή Ηλ. βιβλίο
Γλώσσα:English
Έκδοση: Cham : Springer International Publishing : Imprint: Springer, 2017.
Θέματα:
Διαθέσιμο Online:Full Text via HEAL-Link
LEADER 03137nam a22004935i 4500
001 978-3-319-39679-8
003 DE-He213
005 20160902182420.0
007 cr nn 008mamaa
008 160902s2017 gw | s |||| 0|eng d
020 |a 9783319396798  |9 978-3-319-39679-8 
024 7 |a 10.1007/978-3-319-39679-8  |2 doi 
040 |d GrThAP 
050 4 |a HB615 
072 7 |a KJH  |2 bicssc 
072 7 |a BUS025000  |2 bisacsh 
082 0 4 |a 658.421  |2 23 
245 1 0 |a Entrepreneurship and Management in an Islamic Context  |h [electronic resource] /  |c edited by Veland Ramadani, Léo-Paul Dana, Shqipe Gërguri-Rashiti, Vanessa Ratten. 
264 1 |a Cham :  |b Springer International Publishing :  |b Imprint: Springer,  |c 2017. 
300 |a XVII, 248 p. 15 illus., 14 illus. in color.  |b online resource. 
336 |a text  |b txt  |2 rdacontent 
337 |a computer  |b c  |2 rdamedia 
338 |a online resource  |b cr  |2 rdacarrier 
347 |a text file  |b PDF  |2 rda 
505 0 |a 1 An Introduction to Entrepreneurship and Management in an Islamic Context -- 2 Islamic Entrepreneurship and Management: Culture, religion and society -- 3 Islamic Leadership Models: Lessons from Early Islam -- 4 Micro-Entrepreneurial Motivations in Ghana: Do Muslims Differ? -- 5 The Process of New Venture Creation in the Islamic World: An Organizing Framework -- 6 Ethnic and Migrant Entrepreneurship: The Case of Muslim Lebanese Entrepreneurs in Dearborn -- 7 The Foundation of Islamic Knowledge Management Practices -- 8 Islamic finance: Entrepreneurial management perspective -- 9 Ethics and Social Responsibility in Islamic Finance.-10 Social Entrepreneurship in an Islamic context -- 11 Youth Entrepreneurship in an Islamic Context -- 12 Female Micro-entrepreneurship: The Key to Economic Growth and Development in Islamic Economies -- 13 Encouraging Female Entrepreneurship in Jordan: Environmental Factors, Obstacles and Challenges -- 14 Islamic entrepreneurship and management: Future research directions. 
520 |a The aim of this volume is to explore entrepreneurship and business from the perspective of Islamic principles, which are usually based on collaboration, teamwork, generosity and altruism. The contributions deal with the confluence of Islamic Principles with entrepreneurial and business ownership characteristics; resource use by entrepreneurs; means of entrepreneurial success, and ethics and social responsibility. 
650 0 |a Business. 
650 0 |a Entrepreneurship. 
650 0 |a Management. 
650 0 |a Religion and culture. 
650 1 4 |a Business and Management. 
650 2 4 |a Entrepreneurship. 
650 2 4 |a Sociology of Culture. 
650 2 4 |a Cultural Management. 
700 1 |a Ramadani, Veland.  |e editor. 
700 1 |a Dana, Léo-Paul.  |e editor. 
700 1 |a Gërguri-Rashiti, Shqipe.  |e editor. 
700 1 |a Ratten, Vanessa.  |e editor. 
710 2 |a SpringerLink (Online service) 
773 0 |t Springer eBooks 
776 0 8 |i Printed edition:  |z 9783319396774 
856 4 0 |u http://dx.doi.org/10.1007/978-3-319-39679-8  |z Full Text via HEAL-Link 
912 |a ZDB-2-BUM 
950 |a Business and Management (Springer-41169)